Rozpoznaj książkę po opisie #9 - Statystyki

Ogólne statystyki
  • Ten quiz został rozwiązany 18 razy
  • Średni wynik to 5 z 10
Statystyki odpowiedzi
Opis książki Tytuł % Poprawnych
Dramat Sławomira Mrożka, który przedstawia burzliwą historię rodziny, w której rządy w domu przejmuje syn, Andrzej, próbując wprowadzić porządek w świecie pełnym chaosu i dekadencji. Sztuka bada temat autorytetu, wolności i granic, zadając pytania o to, co jest jeszcze do przyjęcia w zmieniającej się rzeczywistości. Mrożek zestawia różne pokolenia i ich wartości, ukazując konflikt pomiędzy przeszłością a nowoczesnością. Tango
94%
Opowieść o Cezarym Baryce, młodym mężczyźnie, który po powrocie z rewolucyjnej Rosji trafia do Polski, gdzie stara się odnaleźć swoje miejsce w nowym, niepewnym świecie. Jego poszukiwania tożsamości, zmagań z młodzieńczymi ideałami i próbą zrozumienia politycznych i społecznych przemian w kraju, stają się centralnym motywem powieści. Opowieść to historia dojrzewania bohatera w obliczu trudnej rzeczywistości, która zmusza go do stawiania czoła dylematom moralnym. Przedwiośnie
72%
Komedia Moliera, której głównym bohaterem jest Tartuffe, który pod pretekstem pobożności manipuluje bogatym ojcem, Orgonem, starając się przejąć jego majątek. Sztuka jest błyskotliwą satyrą na obłudę, fałszywą religijność i ludzką naiwność, ukazując, jak łatwo można zostać oszukanym przez pozory. Konflikty w rodzinie Orgona, którzy stają się ofiarami oszustwa, kończą się jednak triumfem rozsądku i sprawiedliwości. Świętoszek
67%
Powieść o Edmundu Dantèsie, młodym mężczyźnie niesłusznie skazanym na więzienie, który po ucieczce z Wyspy If staje się hrabią. Wykorzystując swoje bogactwo i spryt, Dantès planuje zemstę na ludziach, którzy go zdradzili. Historia pełna jest intryg, zdrad, miłości i zemsty, pokazując, jak zemsta może zniszczyć człowieka, nawet gdy jest dążona w imię sprawiedliwości. Hrabia Monte Christo
61%
Opowieść o Hester Prynne, kobiecie ukaranej za cudzołóstwo w surowym społeczeństwie Nowej Anglii XVII wieku. W jej piersi wypalono szkarłatną literę "A", symbol grzechu, co staje się zarówno jej przekleństwem, jak i wewnętrzną siłą. Powieść porusza tematy winy, pokuty, hipokryzji oraz walka o godność, pokazując, jak społeczeństwo może stłamsić jednostkę, ale również jak człowiek może znaleźć odkupienie w miłości. Szkarłatna litera
50%
Opowieść o Emmie, żonie wiejskiego lekarza, która zniechęcona monotonią swojego życia marzy o luksusie i wielkiej miłości. Jej nieustanne dążenie do spełnienia swoich fantazji prowadzi ją do serii niewłaściwych decyzji, które kończą się tragicznie. Powieść Flauberta to głęboka analiza ludzkich pragnień, rozczarowań i klęsk, ukazująca pustkę, która czai się za idealizowanymi marzeniami. Pani Bovary
44%
Akcja powieści toczy się w hitlerowskich Niemczech, gdzie młoda Liesel Meminger kradnie książki, by pocieszyć siebie i innych w trudnych czasach wojny. Opowieść o jej dorastaniu, relacjach z rodziną zastępczą, przyjaciółmi oraz o potędze słów w obliczu zniszczenia. Książka ukazuje, jak literatura może być narzędziem zarówno ucieczki, jak i oporu. Złodziejka książek
44%
Historia ucieczki i odkupienia, opowiadająca o losach Jeana Valjeana, który po odsiedzeniu kary za kradzież chleba zmienia swoje życie, starając się odpokutować za grzechy przeszłości. W tle przewijają się losy innych postaci, takich jak Cosette, Fantine, Javert i Marius, które ukazują złożoność ludzkich wyborów, poświęceń i miłości w zderzeniu z niesprawiedliwościami społecznymi XIX-wiecznej Francji. Nędznicy
39%
Opowieść o młodej kobiecie, która po ślubie z tajemniczym Maximem de Winterem przeprowadza się do jego posiadłości, Manderley. Nowa pani domu staje się obiektem obsesyjnego porównania do zmarłej poprzedniej żony, której obecność wciąż unosi się nad domem. Powieść pełna napięcia, tajemnic i nieoczekiwanych zwrotów akcji, badając temat pamięci, zazdrości i nieuchronności przeszłości. Rebeka
17%
Opowieść o Linie, australijskim uciekinierze, który trafia do Bombaju, gdzie staje się częścią świata przestępczego, pomagając w nielegalnych interesach i w zmaganiach o przeżycie. Książka porusza temat miłości, lojalności, zdrady i tożsamości, a także ukazuje piękno i brutalność Indii. Jest to historia o poszukiwaniu sensu życia w obliczu chaosu i niebezpieczeństw. Shantaram
6%
Nie znaleziono quizów pasujących do podanych kryteriów
Rozkład punktacji
Procent ludzi z każdym wynikiem
Percentyl według liczby udzielonych odpowiedzi
Twoja historia wyników
Nie rozwiązałeś tego quizu